000 00566nam a2200205Ia 4500
005 20250923144711.0
008 008 250917s9999 xx 000 0 eng d
037 _aTextual
040 _aDSWL
_beng
_cDSWL
041 _aeng
_2eng
084 _az2, N48;1
_qDSWL
245 0 _aCultural heritage of India
_cby Ram Krishna Mission
260 _aCalcutta
_bRam Krishna Mission, Institute of Calcutta
_c1958
300 _axxi,692p.
365 _aUSD
_b35
490 _vVol.l
925 _g35
942 _cTEXL
_hz2, N48;1
999 _c1442241
_d1442241